000 00486nam a2200193 a 4500
001 1764920667357
003 ACL
005 20251205131612.0
008 251205s2000##################000#0#eng##
020 _a9789057026232
082 0 4 _a629.410947
_bLAU
100 1 _aLaunius, Roger D.,
_eauthor.
245 1 0 _aReconsidering Sputnik :
260 _bPsychology Press,
_c2000.
300 _a468 pages
650 0 _aBusiness & Economics.
942 _cENGLISH
040 _aACL
_beng
_cACL
999 _c600342
_d600342